| 000 | 00462nam a2200169 i 4500 | ||
|---|---|---|---|
| 001 | 50903 | ||
| 003 | ES-MaACL | ||
| 005 | 20230906162246.0 | ||
| 007 | t| | ||
| 008 | 030807s1968 sp ||||1| spa d | ||
| 100 | 1 |
_aChamorro Turrez, Eduardo. _937901 |
|
| 245 | 1 | 0 |
_aIntroducción al cooperativismo / _cEduardo Chamorro Turrez. |
| 250 | _a[1ª ed.]. | ||
| 260 |
_aMadrid : _bZYX, _c[1968] |
||
| 300 |
_a67 p. ; _c17 cm. |
||
| 852 |
_aES-MaACL _jC-36712 _bR.65455 |
||
| 999 |
_c50903 _d50903 |
||